[Event "Brighton e2e4 Major"]
[Site "Brighton"]
[Date "2013.02.19"]
[Round "6"]
[White "Selby, Paul"]
[Black "Jensen, Soren"]
[Result "1-0"]
[WhiteElo "1766"]
[BlackElo "1856"]
[PlyCount "79"]
[EventDate "2013.02.16"]
[EventType "swiss"]
[EventRounds "9"]
[EventCountry "ENG"]
[SourceTitle "EXT 2014"]
[Source "ChessBase"]
[SourceDate "2013.11.20"]
[SourceVersion "1"]
[SourceVersionDate "2013.11.20"]
[SourceQuality "1"]

1. d4 Nf6 2. c4 e6 3. g3 Bb4+ 4. Bd2 Be7 5. Nc3 d5 6. Nf3 0-0 7. Bg2 dxc4 8. Qa4 Nbd7 9. Qxc4 Nb6 10. Qb3 Nbd5 11. 0-0 b6 12. Rac1 Ba6 13. Qa4 Bb7 14. Bg5 h6 15. Bxf6 Bxf6 16. Rfd1 a6 17. a3 b5 18. Qc2 Rc8 19. Ne4 Be7 20. Nc5 Bxc5 21. dxc5 Qe8 22. c6 Ba8 23. Ne5 f6 24. Nd7 Rf7 25. Bxd5 exd5 26. Rxd5 Rd8 27. Rcd1 Rc8 28. R1d4 Qe6 29. Rc5 Qe8 30. Re4 Qd8 31. Rd5 Kh8 32. Qc5 Qg8 33. b4 Rd8 34. Red4 Qh7 35. Qc1 g5 36. Nxf6 Rxd5 37. Nxd5 Qf5 38. f3 Qe6 39. Qc3 Qxc6 40. Rc4+ 1-0